Podnikal som s eštebákmi ako ma eštebáci najskôr oklamali, potom podviedli a nakoniec ozbíjali o môj majetok

Gespeichert in:
Bibliographische Detailangaben
1. Verfasser: Vilhelm, Daniel
Format: Buch
Sprache:Slowakisch
Veröffentlicht: Bratislava Ing. Daniel Vilhelm, CSc. 2010
Schlagworte:
Tags: Tag hinzufügen
Keine Tags, Fügen Sie das erste Tag hinzu!

MARC

LEADER 00000nam a2200000 4500
001 0123139
005 20240314093155.6
020 |a 978-80-970588-9-0 
041 0 |a slo 
044 |a SK 
245 1 0 |a Podnikal som s eštebákmi  |b ako ma eštebáci najskôr oklamali, potom podviedli a nakoniec ozbíjali o môj majetok  |c Daniel Vilhelm 
264 1 |a Bratislava  |b Ing. Daniel Vilhelm, CSc.  |c 2010 
300 |a 232 s. 
610 2 0 |a podvody 
610 2 0 |a kriminalita 
610 2 0 |a konflikty 
610 2 0 |a podnikanie 
610 2 0 |a obchod knižný 
100 1 |a Vilhelm, Daniel